Ч. 1 : Постоянный ток и общие законы; Основной курс электротехники, разработанный на задачах и примерах

Bibliografiska uppgifter
Parent link:Основной курс электротехники, разработанный на задачах и примерах: руководство для технических школ и самостоятельного изучения/ В. А. Александров. Ч. 1 : Постоянный ток и общие законы.— , 1922
Språk:ryska
Publicerad: 1922
Upplaga:2-е изд.
Ämnen:
Materialtyp: Bok
KOHA link:https://koha.lib.tpu.ru/cgi-bin/koha/opac-detail.pl?biblionumber=310026

MARC

LEADER 00000nam2a2200000 4500
001 310026
005 20231102002240.0
035 |a (RuTPU)RU\TPU\book\335367 
090 |a 310026 
100 |a 20151119d1922 m y0rusy50 ca 
101 0 |a rus 
102 |a RU 
105 |a a j 000zy 
200 0 |a Ч. 1 : Постоянный ток и общие законы 
205 |a 2-е изд. 
210 |d 1922 
215 |a 304 с.  |c ил. 
316 |5 63413507: 13//443  |a Множественные пометы в тексте 
317 |5 63413507: 13//443  |a Поступил в НТБ в октябре 1905 г. в дар от профессора Н. В. Гутовского 
461 1 |0 (RuTPU)RU\TPU\book\335362  |t Основной курс электротехники, разработанный на задачах и примерах  |o руководство для технических школ и самостоятельного изучения  |f В. А. Александров  |v Ч. 1 : Постоянный ток и общие законы  |d 1922 
606 1 |a Электротехника общая  |2 stltpush  |3 (RuTPU)RU\TPU\subj\20906  |9 45967 
610 1 |a постоянный ток 
610 1 |a магнетизм 
610 1 |a электромагнетизм 
610 1 |a измерительные приборы 
610 1 |a динамомашины 
610 1 |a генераторы 
610 1 |a моторы постоянного тока 
610 1 |a аккумуляторы 
610 1 |a учебные пособия 
610 1 |a Коллекция Н. В. Гутовского 
801 1 |a RU  |b 63413507  |c 20151119 
801 2 |a RU  |b 63413507  |c 20210531  |g RCR 
942 |c BK